000 01603cam a2200337 i 4500
001 52154
003 Mx-PuUPA
005 20240410104039.0
008 140415s2011 mx a gr 000 0 spa d
020 _cEn trámite
040 _aMX-PuUPA
_bspa
_erda
_cMx-PuUPA
_dMx-PuUPA
041 0 _aspa
100 1 _aHerrerías Guerra, María,
_eautor
_97063
245 1 0 _aMujeres y movimientos armados en América /
_cMaría Herrerías Guerra ; con la colaboración de Mayra Barrientos Arriaga, Juan Francisco Hernández Herrerías.
264 1 _aMéxico, D.F. :
_bCentro de Estudios para el Adelanto de las Mujeres y la Equidad de Género,
_c[2011?]
300 _a224 páginas :
_bilustraciones ;
_c23 cm
336 _atexto
_2rdacontent
_btxt
337 _asin medio
_2rdamedia
_bn
338 _avolumen
_2rdacarrier
_bnc
650 7 _aMujeres
_xActividad política
_zAmérica Latina
_xHistoria
_2armarc
650 7 _aMujeres
_zAmérica Latina
_xCondiciones sociales
_2armarc
650 7 _aGuerrilleras
_zAmérica Latina
_xHistoria
_2armarc
651 4 _aAmérica Latina
_xHistoria
_ySiglo XIX
651 4 _aAmérica Latina
_xHistoria
_ySiglo XX
700 1 _aBarrientos Arriaga, Mayra,
_ecolaborador
700 1 _aHernández Herrerías, Juan Francisco,
_ecolaborador
765 0 8 _aHerrerías Guerra, María.
_tWomen and armed movements in America.
_dMéxico, D.F. : Center for advancement of women and gender equality house of representatives, [2011?]
_h223 páginas ; 23 cm.
_w(UPAEP UPA01) 58376
942 _2ddc
_cLI
_h305.4209034
_iH535
999 _c52154
_d52154